Thebes The Glory of a great Past

محفوظ في:

المؤلف الرئيسي: Jean Capart

مؤلفون آخرون: Marcelle Werbrouck

التنسيق: كتاب

اللغة: Undetermined

منشور في: London George Allen 1926

الوسوم: إضافة وسم

لا توجد وسوم, كن أول من يضع وسما على هذه التسجيلة!

رقم الطلب: (F) DT73 .T3 C26

LEADER 00617nam a2200169Ia 4500
008 220904s9999||||xx |||||||||||||| ||und||
050 |a (F) DT73 .T3 C26 
100 1 |a  Jean Capart 
245 1 0 |a Thebes   |b The Glory of a great Past  |c Jean Capart, Marcelle Werbrouck 
264 1 |a London   |b George Allen  |c 1926 
300 |a 362.P  |b 1 incl. front, illus   |c 33cm 
504 |a printed in belgium 
505 0 |a Thebes (egypt) Antiquities 
700 1 |a Marcelle Werbrouck 
942 |2 lcc  |c BK 
952 |0 0  |1 0  |2 lcc  |4 0  |7 1  |9 42713  |a ARCE  |b ARCE  |d 2022-09-04  |l 0  |o (F) DT73 .T3 C26  |p 1031770  |r 2022-09-04 00:00:00  |w 2022-09-04  |y BK 
999 |c 49386  |d 49386